Project management : Strategic design and implementation
The theme of the last edition will continue as authors improve individual chapters by adding a brief introduction that outlines the central points of the chapter and warms up readers for what follows. Each chapter concludes with four additional sections: a listing of additional sources of informatio...
Αποθηκεύτηκε σε:
| Κύριος συγγραφέας: | |
|---|---|
| Μορφή: | Βιβλίο |
| Γλώσσα: | Undetermined |
| Έκδοση: |
New York
McGraw-Hill
2007
|
| Θέματα: | |
| Ετικέτες: |
Προσθήκη ετικέτας
Δεν υπάρχουν, Καταχωρήστε ετικέτα πρώτοι!
|
| Thư viện lưu trữ: | Trung tâm Học liệu Trường Đại học Cần Thơ |
|---|
| LEADER | 01456nam a2200229Ia 4500 | ||
|---|---|---|---|
| 001 | CTU_133172 | ||
| 008 | 210402s9999 xx 000 0 und d | ||
| 020 | |c 362000 | ||
| 082 | |a 658.404 | ||
| 082 | |b C624 | ||
| 100 | |a Cleland, David I. | ||
| 245 | 0 | |a Project management : | |
| 245 | 0 | |b Strategic design and implementation | |
| 245 | 0 | |c David I. Cleland, Lewis R. Ireland | |
| 260 | |a New York | ||
| 260 | |b McGraw-Hill | ||
| 260 | |c 2007 | ||
| 520 | |a The theme of the last edition will continue as authors improve individual chapters by adding a brief introduction that outlines the central points of the chapter and warms up readers for what follows. Each chapter concludes with four additional sections: a listing of additional sources of information in the form of a generously annotated bibliography; a listing of project management principles that summarize chapter content in pithy statements of enduring, universal value; a project management situation - a brief, descriptive case study that illuminates chapter content by way of a practical example; and a student/reader assignment that offers food for thought, discussion, or investigation. More student problems are added in this edition along with new chapters throughout and up-dated chapters where change is warranted. | ||
| 650 | |a Project management | ||
| 650 | |x Quản lý dự án | ||
| 904 | |i Trọng Hiếu | ||
| 980 | |a Trung tâm Học liệu Trường Đại học Cần Thơ | ||